The best American mystery & suspense : (Record no. 126898)

MARC details
000 -LEADER
campo de control de longitud fija 01545nam a22003017a 4500
003 - IDENTIFICADOR DE NÚMERO DE CONTROL
campo de control BJBSDDR
005 - FECHA Y HORA DE LA ÚLTIMA TRANSACCIÓN
campo de control 20260428163136.0
007 - CAMPO FIJO DE DESCRIPCIÓN FÍSICA--INFORMACIÓN GENERAL
campo de control de longitud fija ta
008 - DATOS DE LONGITUD FIJA--INFORMACIÓN GENERAL
campo de control de longitud fija 260423s2025 nyu||||| |||| 00| 0 eng d
020 ## - NÚMERO INTERNACIONAL ESTÁNDAR DEL LIBRO
Número Internacional Estándar del Libro 9780063422292
020 ## - NÚMERO INTERNACIONAL ESTÁNDAR DEL LIBRO
Número Internacional Estándar del Libro 0063422298
040 ## - FUENTE DE CATALOGACIÓN
Lengua de catalogación eng
Centro/agencia transcriptor DLC
041 ## - CÓDIGO DE IDIOMA
Código de lengua del texto/banda sonora o título independiente eng
050 14 - SIGNATURA TOPOGRÁFICA DE LA BIBLIOTECA DEL CONGRESO
Número de clasificación PS 648
Número de ítem B561 2025
245 04 - MENCIÓN DEL TÍTULO
Título The best American mystery & suspense :
Resto del título 2025 /
Mención de responsabilidad, etc. Edited and with an introduction by Don Winslow.
246 1# - FORMA VARIANTE DEL TITULO
Título propio/Titulo breve Best American mystery and suspense.
260 ## - PUBLICACIÓN, DISTRIBUCIÓN, ETC.
Lugar de publicación, distribución, etc. New York, NY :
Nombre del editor, distribuidor, etc. Mariner Books,
Fecha de publicación, distribución, etc. 2025
300 ## - DESCRIPCIÓN FÍSICA
Extensión xvi, 362 pages ;
Dimensiones 21 cm.
490 1# - MENCIÓN DE SERIE
Mención de serie Best American series
520 ## - RESUMEN, ETC.
Sumario, etc. While a single sentence can turn a novel, a single word can turn a short story,” writes guest editor Don Winslow. The pieces featured in this collection hinge on those small, exacting moments that shock, spook, delight, and change a story entirely. A disgraced ex-cop approaches a crossroads with his ex-wife and new neighbor, pistol in hand; an ill-advised acid trip reveals the dark side of a twisted friendship; a hardened hit man struggles with his latest target. Full of dramatic twists, subtle clues, and chilling reveals, The Best American Mystery and Suspense 2025 will keep you on the edge of your seat until the very last shoe drops.
650 #4 - PUNTO DE ACCESO ADICIONAL DE MATERIA--TÉRMINO DE MATERIA
Término de materia o nombre geográfico como elemento de entrada Novela policíaca
9 (RLIN) 5433
650 #4 - PUNTO DE ACCESO ADICIONAL DE MATERIA--TÉRMINO DE MATERIA
Término de materia o nombre geográfico como elemento de entrada Novelas de suspenso
9 (RLIN) 29420
650 #4 - PUNTO DE ACCESO ADICIONAL DE MATERIA--TÉRMINO DE MATERIA
Término de materia o nombre geográfico como elemento de entrada Cuentos estadounidenses
9 (RLIN) 11126
700 1# - ENTRADA AGREGADA--NOMBRE PERSONAL
Nombre de persona Winslow, Don,
Fechas asociadas al nombre 1953-
9 (RLIN) 48089
Término indicativo de función/relación editor
830 #0 - PUNTO DE ACCESO ADICIONAL DE SERIE-TÍTULO UNIFORME
Título uniforme Best American series
9 (RLIN) 6891
942 ## - ELEMENTOS DE ENTRADA SECUNDARIOS (KOHA)
Fuente del sistema de clasificación o colocación Clasificación de Library of Congress
Tipo de ítem Koha Libro
946 ## - PROCESAMIENTO DE INFORMACIÓN LOCAL (OCLC)
Iniciales del agente catalogador cmc
Holdings
Estatus retirado Estado de pérdida Fuente del sistema de clasificación o colocación Estado de daño No para préstamo Colección Biblioteca de origen Biblioteca actual Ubicación en estantería Fecha de adquisición Signatura topográfica completa Código de barras Visto por última vez Copia número Tipo de ítem Koha
    Clasificación de Library of Congress     Humanidades Biblioteca Juan Bosch Biblioteca Juan Bosch Humanidades (4to. Piso) 23/04/2026 PS 648 B561 2025 00000198989 23/04/2026 1 Libro